Paulo Coelho : (Record no. 15639)
[ view plain ]
| 000 -LEADER | |
|---|---|
| fixed length control field | 02238cam a22003735a 4500 |
| 001 - CONTROL NUMBER | |
| control field | 16115965 |
| 003 - CONTROL NUMBER IDENTIFIER | |
| control field | EG-ScBUE |
| 005 - DATE AND TIME OF LATEST TRANSACTION | |
| control field | 20220324110327.0 |
| 008 - FIXED-LENGTH DATA ELEMENTS--GENERAL INFORMATION | |
| fixed length control field | 100303s2009 enkaf f 000 0beng d |
| 020 ## - INTERNATIONAL STANDARD BOOK NUMBER | |
| International Standard Book Number | 0061774294 |
| 020 ## - INTERNATIONAL STANDARD BOOK NUMBER | |
| International Standard Book Number | 9780061774294 |
| 035 ## - SYSTEM CONTROL NUMBER | |
| System control number | (OCoLC)ocn419872949 |
| 040 ## - CATALOGING SOURCE | |
| Original cataloging agency | BTCTA |
| Language of cataloging | eng |
| Description conventions | rda |
| Transcribing agency | BTCTA |
| Modifying agency | OCP |
| -- | BNO |
| -- | NBO |
| -- | B2A |
| -- | ABG |
| -- | YDXCP |
| -- | VP@ |
| -- | CDX |
| -- | DLC |
| -- | EG-ScBUE |
| 043 ## - GEOGRAPHIC AREA CODE | |
| Geographic area code | s-bl--- |
| 082 04 - DEWEY DECIMAL CLASSIFICATION NUMBER | |
| Classification number | 869.842092 |
| Edition number | 22 |
| Item number | MOR |
| 100 1# - MAIN ENTRY--PERSONAL NAME | |
| Personal name | Morais, Fernando, |
| Relator term | author. |
| 9 (RLIN) | 25558 |
| 245 10 - TITLE STATEMENT | |
| Title | Paulo Coelho : |
| Remainder of title | a warrior's life : the authorized biography / |
| Statement of responsibility, etc | Fernando Morais. |
| 264 #1 - PUBLICATION, DISTRIBUTION, ETC. (IMPRINT) | |
| Place of publication, distribution, etc | London : |
| Name of publisher, distributor, etc | Harper Collins Publishers, |
| Date of publication, distribution, etc | 2009. |
| 300 ## - PHYSICAL DESCRIPTION | |
| Extent | 457 pages, [16] pages of plates : |
| Other physical details | illustrations ; |
| Dimensions | 24 cm |
| 336 ## - CONTENT TYPE | |
| Source | rdacontent |
| Content type term | text |
| Content type code | txt |
| 337 ## - MEDIA TYPE | |
| Source | rdamedia |
| Media type term | unmediated |
| Media type code | n |
| 338 ## - CARRIER TYPE | |
| Source | rdacarrier |
| Carrier type term | volume |
| Carrier type code | nc |
| 505 0# - FORMATTED CONTENTS NOTE | |
| Formatted contents note | Paulo today : Budapest, Prague, Hamburg, Cairo -- Childhood -- Schooldays -- First play, first love -- First encounter with Dr Benjamin -- Batatinha's d�ebut -- Ballad of the Clinic Gaol -- Shock treatment -- The great escape -- Vera -- the marijuana years -- Discovering America -- Gisa -- The Devil and Paulo -- Paulo and Raul -- A devil of a different sort -- Paulo renounces the Devil -- Cissa -- London -- Christina -- First meeting with Jean -- Paulo and Christina, publishers -- The road to Santiago -- The Alchemist -- The critics' response -- Success abroad -- World fame -- Becoming an "immortal" -- The Zahir -- One hundred million copies sold. |
| 520 ## - SUMMARY, ETC. | |
| Summary, etc | Traces the noted author's roots in Brazil to his time as a musician and pop lyricist to his wild days of rock and roll to the publication of his novel "The Alchemist." |
| 600 17 - SUBJECT ADDED ENTRY--PERSONAL NAME | |
| Personal name | Coelho, Paulo. |
| Source of heading or term | BUEsh |
| 9 (RLIN) | 25559 |
| 650 #7 - SUBJECT ADDED ENTRY--TOPICAL TERM | |
| Topical term or geographic name as entry element | Authors, Brazilian |
| Chronological subdivision | 20th century |
| Form subdivision | Biography. |
| Source of heading or term | BUEsh |
| 9 (RLIN) | 25560 |
| 651 ## - SUBJECT ADDED ENTRY--GEOGRAPHIC NAME | |
| Source of heading or term | BUEsh |
| 653 ## - INDEX TERM--UNCONTROLLED | |
| Arrived date list | June2011 |
| Resource For college | Humanities: English |
| 655 ## - INDEX TERM--GENRE/FORM | |
| Form subdivision | Reading book |
| 9 (RLIN) | 34232 |
| 856 42 - ELECTRONIC LOCATION AND ACCESS | |
| Materials specified | Contributor biographical information |
| Uniform Resource Identifier | <a href="http://www.loc.gov/catdir/enhancements/fy1007/2010277383-b.html">http://www.loc.gov/catdir/enhancements/fy1007/2010277383-b.html</a> |
| 856 42 - ELECTRONIC LOCATION AND ACCESS | |
| Materials specified | Publisher description |
| Uniform Resource Identifier | <a href="http://www.loc.gov/catdir/enhancements/fy1007/2010277383-d.html">http://www.loc.gov/catdir/enhancements/fy1007/2010277383-d.html</a> |
| 942 ## - ADDED ENTRY ELEMENTS (KOHA) | |
| Source of classification or shelving scheme | Dewey Decimal Classification |
| Koha item type | Book - Borrowing |
| Withdrawn status | Lost status | Source of classification or shelving scheme | Damaged status | Not for loan | Collection code | Home library | Current library | Shelving location | Date acquired | Source of acquisition | Cost, normal purchase price | Serial Enumeration / chronology | Total Checkouts | Total Renewals | Full call number | Barcode | Date last seen | Date checked out | Price effective from | Koha item type |
|---|---|---|---|---|---|---|---|---|---|---|---|---|---|---|---|---|---|---|---|---|
| Dewey Decimal Classification | Baccah | Central Library | Central Library | Second Floor | 20/06/2011 | 150.00 | 12512 | 3 | 25 | 869.842092 MOR | 000024266 | 15/07/2025 | 09/03/2014 | 20/06/2011 | Book - Borrowing |